| 000 | 00622nam a2200181 a 4500 | ||
|---|---|---|---|
| 008 | 120416s1966 ||||||||||||||||| || u | ||
| 020 | _a020155707x | ||
| 050 | _aTK 545 Nil | ||
| 100 | _aNilsson, James W | ||
| 245 | 1 | 0 | _aElectric circuits. (5th ed.) |
| 250 | _a5th ed. | ||
| 260 |
_aNew York: _bAddison-Wesly A _c1966 |
||
| 300 | _axxxii, 983p. : ill. | ||
| 350 | _a0.00 | ||
| 650 | _aELECTRIC CIRCUIT ANALYSIS--DATA PROCESSING | ||
| 650 | 0 | _aELECTRIC CIRCUITS | |
| 995 |
_D0.00 _FCBU-MAIN LIBRARY (Kitwe) _H1 _I0.00 _M1 _UAVAILABLE _ZMain Library Open Access Collection |
||
| 999 |
_c41417 _d41417 |
||